On the estimation of deterministic and stochastic frontier production functions (Registro nro. 26367)

Detalles MARC
000 -LEADER
fixed length control field 00477 a2200145 4500
001 - CONTROL NUMBER
control field ART_12438
005 - DATE AND TIME OF LATEST TRANSACTION
control field 20260410161906.0
008 - FIXED-LENGTH DATA ELEMENTS--GENERAL INFORMATION
fixed length control field 260409a
100 1# - MAIN ENTRY--PERSONAL NAME
Personal name Broek, Julien Van Den
245 10 - TITLE STATEMENT
Title On the estimation of deterministic and stochastic frontier production functions
700 1# - ADDED ENTRY--PERSONAL NAME
Personal name Førsund, Finn Ragnar
700 1# - ADDED ENTRY--PERSONAL NAME
Personal name Hjalmarsson, Lennart
700 1# - ADDED ENTRY--PERSONAL NAME
Personal name Meeusen, Wim
773 0# - HOST ITEM ENTRY
Title Journal of econometrics
Related parts - Vol. 13, Nº 1 (may. 1980)
Record control number REV11720

No hay ítems disponibles.